Every 100k+ City in Texas Triangle Megalopolis on a Map - Statistics

General Stats
  • This quiz has been taken 385 times
  • The average score is 9 of 14
Answers on the Map
Answers color-coded by a green-red scale on the quiz's map according to % correct below.
 
Answer Stats
Population City % Correct
5.12 mil Dallas
99%
4.94 mil Houston
98%
1.36 mil Austin
97%
1.75 mil San Antonio
95%
861k Oklahoma City
93%
655k Tulsa
88%
172k Waco
69%
171k College Station
51%
103k Norman
50%
366k Denton
47%
217k Killeen
45%
170k McKinney
36%
106k Texas City
29%
239k Conroe
24%
No matching quizzes found
Score Distribution
Percent of People with Each Score
Percentile by Number Answered
Your Score History
You have not taken this quiz